Návrh pedálovej skupiny vozidla súťaže Formula Student

Saved in:
Bibliographic Details
Main Author: Drahoš, Dávid (Author)
Other Authors: Petrák, Peter (Thesis advisor)
Format: Manuscript Book
Language:Slovak
Published: 2015
Subjects:
Online Access:http://is.stuba.sk/zp/portal_zp.pl?podrobnosti=98801
Tags: Add Tag
No Tags, Be the first to tag this record!

MARC

LEADER 00000ntm a22000003a 4500
001 stuzp52400
003 SK-STU
005 20160719154146.8
007 ta
008 150427s2015----xo-----f-mn---000-0-slo-d
040 |a STU  |b slo 
041 0 |a slo 
100 1 |a Drahoš, Dávid  |u 020030  |4 aut  |U SjF Strojnícka fakulta  |T SjF Ústav dopravnej techniky a konštruovania  |X 54840  |U J0030  |Y 806  |7 54840 
242 0 1 |a Pedal box design of Formula Student competition vehicle  |y eng 
245 1 0 |a Návrh pedálovej skupiny vozidla súťaže Formula Student 
260 |c 2015 
650 4 |a pedálová skupina  |2 slo 
650 4 |a Formula Student  |2 slo 
650 4 |a konštrukčný návrh  |2 slo 
650 4 |a pevnostná optimalizácia  |2 slo 
650 4 |a pedal box  |2 eng 
650 4 |a Formula Student  |2 eng 
650 4 |a structural design  |2 eng 
650 4 |a stress optimization  |2 eng 
700 1 |a Petrák, Peter  |4 ths  |X 2414  |7 A000002414 
856 4 |u http://is.stuba.sk/zp/portal_zp.pl?podrobnosti=98801 
996 |b 284J044882  |c J* 2512/BP  |l JJSK  |s A  |a 24  |w stuzp52400_0001 
SQL |a stuzp52400  |b DBP  |c SLO  |d Návrh pedálovej skupiny vozidla súťaže Formula Student  |e 54840  |f Drahoš, Dávid  |g 020030  |h 2414  |i Petrák, Peter  |j 20150616  |k 43  |l 02  |m http://is.stuba.sk/zp/portal_zp.pl?podrobnosti=98801  |n B-ALSM  |o 5.2.4. motorové vozidlá, koľajové vozidlá, lode a lietadlá